| 000 | 01125nac a22003377a 4500 | ||
|---|---|---|---|
| 001 | BR9206217 | ||
| 003 | BR-BrBNA | ||
| 005 | 20240105121238.0 | ||
| 008 | 230509b bl.|||m| |||| 00| 0 por d | ||
| 040 |
_aBR-BrBNA _bpor _cBiblioteca Nacional de Agricultura |
||
| 072 | _aF01 | ||
| 090 | _a1910 BR9206217 | ||
| 100 | 1 | _aPedro Junior, M.J. | |
| 100 | 1 | _aAlcantara, P.B. | |
| 100 | 1 | _aRocha, G.L. da | |
| 100 | 1 | _aAlfonsi, R.R. | |
| 100 | 1 | _aDonzeli, P.L. | |
| 110 | 1 | _aInstituto Agronomico, Campinas, SP (Brasil) | |
| 245 | 1 | _aAptidao climatica para plantas forrageiras no estado de Sao Paulo | |
| 246 | 1 | _aClimatic suitability for forage crops in the state of Sao Paulo, Brazil | |
| 260 | 3 |
_aCampinas, SP (Brasil): _c1990. |
|
| 300 | _a13 p. | ||
| 490 |
_aBoletim Tecnico - Instituto Agronomico (Brazil) _vno. 139 _xISSN 0100-3100 |
||
| 500 | _a17 ref.; Summaries (En, Pt); Received 28 Feb 1990 | ||
| 650 | _aGRAMINEA FORRAGEIRA | ||
| 650 | _aLEGUMINOSA FORRAGEIRA | ||
| 650 | _aAPTIDAO CLIMATICA | ||
| 650 | _aSAO PAULO | ||
| 909 |
_a202312 _bLúcia Elande _c55 _dLúcia Elande |
||
| 942 |
_2AGRIS _n0 _cMS |
||
| 999 |
_c284171 _d284171 |
||